=LDR 00000nam 2200000 4500 =001 INLIS000000000002159 =005 20130612090523 =008 ***********************************Ind** =035 ##$$0010-061300000002159 =041 ##$$a Ind =082 ##$$a 720.28 =090 ##$$a 720.28 , Las b =100 ##$$a Laseau, Paul =245 ##$$a Berfikir gambar bagi arsitektur dan ruang , Paul Lasesu =260 ##$$a 1986 $b Bandung =300 ##$$a 214 hlm bilus , 32 cm =650 ##$$a Arsitektur =850 ##$$a NBPNMAT